Welcome to CU Library Online Public Access Catalogue (OPAC)

WORLDS GREAT NOVELISTS (Record no. 1567)

MARC details
000 -LEADER
fixed length control field 00401nam a22001577a 4500
005 - DATE AND TIME OF LATEST TRANSACTION
control field 20241126164723.0
008 - FIXED-LENGTH DATA ELEMENTS--GENERAL INFORMATION
fixed length control field 241126b |||||||| |||| 00| 0 eng d
020 ## - INTERNATIONAL STANDARD BOOK NUMBER
International Standard Book Number 9788178845425
050 ## - LIBRARY OF CONGRESS CALL NUMBER
Classification number PR830.
Item number .16 PUR
100 ## - MAIN ENTRY--PERSONAL NAME
Personal name PURI, KAILASH
245 ## - TITLE STATEMENT
Title WORLDS GREAT NOVELISTS
260 ## - PUBLICATION, DISTRIBUTION, ETC.
Place of publication, distribution, etc. NEW DELHI
Name of publisher, distributor, etc. CYBER TECH PUBLICATIONS
Date of publication, distribution, etc. 2010
300 ## - PHYSICAL DESCRIPTION
Extent 264p
500 ## - GENERAL NOTE
General note include index
942 ## - ADDED ENTRY ELEMENTS (KOHA)
Source of classification or shelving scheme Library of Congress Classification
Koha item type Books
Suppress in OPAC No
999 ## -
-- 1567
-- 1567
Holdings
Withdrawn status Lost status Source of classification or shelving scheme Damaged status Not for loan Collection Home library Current library Shelving location Date acquired Total checkouts Full call number Barcode Date last seen Copy number Price effective from Koha item type
    Library of Congress Classification     Non-fiction Undergraduate Library (Christ Temple) Undergraduate Library (Christ Temple) General stacks 11/26/2024   PR830.16 PUR ulct00000370 11/26/2024 1 11/26/2024 Books
© 2023-2024 Copyright: Central University Libraries. All Rights Reserved | Created by: Mahone Tech Office